Danse avec les Stars - Partenaires de Denitsa Ikonomova - Statistiques

Statistiques générales
  • Ce quiz a été pris 201 fois
    78 depuis la dernière actualisation
  • Le résultat moyen est 5 sur 9
Statistiques - réponses
Saisons Professions Célébrités % Correct
Saison 6 Chanteur Loïc Nottet
92%
Saison 7 Mannequin, chroniqueur et aventurier de Koh-Lanta Laurent Maistret
85%
Saison 5 Acteur Rayane Bensetti
81%
Saison 9 Comédien Clément Rémiens
73%
Saison 15 Acteur Ian Ziering
65%
Saison 3 Champion de roller Taïg Khris
39%
Saison 8 Chanteur Sinclair
32%
Saison 4 Acteur Laurent Ournac
26%
Saison 10 Comédien Azize Diabaté Abdoulaye
3%
Aucun quiz correspondant
Distribution des résultats
% des personnes avec chaque résultat
Percentile par nombre de réponses
Votre historique - résultats
Vous n’avez pas pris ce quiz depuis la dernière actualisation